000 00487nam a2200157Ia 4500
005 20250923145344.0
008 008 250917s9999 xx 000 0 eng d
037 _aTextual
040 _aDSWL
_beng
_cDSWL
041 _aeng
_2eng
084 _qDSWL
245 0 _aField work manual
_cby School of Social work University of Southern California
260 _aCalifornia
_bSchool of Social work University of Southern California
_c1956
942 _cTEXL
999 _c1450380
_d1450380